000 00294nam a2200121Ia 4500
008 190216s9999||||xx |||||||||||||| ||und||
100 _aWilliam Shakespeare
245 0 _aAs You Like It
260 _bUniversity Of London Press
_c1959
300 _a174p
650 _aEnglish Drama
942 _cBK
999 _c12086
_d12086